| 000 | 00000nam 2200000zi 4500 |
| 001 | 9.921977 |
| 003 | CaOODSP |
| 005 | 20230426095116 |
| 006 | m o d f |
| 007 | cr |n||||||||| |
| 008 | 230426t20232023oncd ob f000 0 eng d |
| 040 | |aCaOODSP|beng|erda|cCaOODSP |
| 041 | |aeng|beng|bfre |
| 086 | 1 |aFB3-5/2023-23E-PDF |
| 100 | 1 |aMacaulay, Alistair, |eauthor. |
| 245 | 10|aNarrative-driven fluctuations in sentiment : |bevidence linking traditional and social media / |cby Alistair Macaulay and Wenting Song. |
| 264 | 1|a[Ottawa] : |bBank of Canada = Banque du Canada, |c2023. |
| 264 | 4|c©2023 |
| 300 | |a1 online resource (ii, 71 pages) : |bcharts. |
| 336 | |atext|btxt|2rdacontent |
| 337 | |acomputer|bc|2rdamedia |
| 338 | |aonline resource|bcr|2rdacarrier |
| 490 | 1 |aStaff working paper = Document de travail du personnel, |x1701-9397 ; |v2023-23 |
| 500 | |a"Last updated: April 14, 2023." |
| 504 | |aIncludes bibliographical references (pages 41-47). |
| 546 | |aIncludes abstract in French. |
| 650 | 0|aMacroeconomics. |
| 650 | 0|aSocial media|xEconomic aspects. |
| 650 | 0|aRecessions|xEconometric models. |
| 650 | 6|aMacroéconomie. |
| 650 | 6|aMédias sociaux|xAspect économique. |
| 650 | 6|aRécessions|xModèles économétriques. |
| 710 | 2 |aBank of Canada, |eissuing body. |
| 830 | #0|aStaff working paper (Bank of Canada)|v2023-23.|w(CaOODSP)9.806221 |
| 856 | 40|qPDF|s1.94 MB|uhttps://publications.gc.ca/collections/collection_2023/banque-bank-canada/FB3-5-2023-23-eng.pdf |